000 00344nam a2200145Ia 4500
005 20251222153626.0
008 251222s9999||||xx |||||||||||||| ||spa||
020 _a9789568491369
082 _a347.05/L89
100 _aLorenzo, Leticia
245 0 _aManual de Litigación Civil
250 _a1ra.ed.
264 _bGráfica LOM
942 _cLIB
999 _c32160
_d32160